| 000 -LEADER |
| fixed length control field |
00508 a2200193 4500 |
| 003 - CONTROL NUMBER IDENTIFIER |
| control field |
OSt |
| 005 - DATE AND TIME OF LATEST TRANSACTION |
| control field |
20231117153850.0 |
| 008 - FIXED-LENGTH DATA ELEMENTS--GENERAL INFORMATION |
| fixed length control field |
231117b ||||| |||| 00| 0 eng d |
| 020 ## - INTERNATIONAL STANDARD BOOK NUMBER |
| International Standard Book Number |
9783037786185 |
| 040 ## - CATALOGING SOURCE |
| Original cataloging agency |
BMSCA |
| 041 ## - LANGUAGE CODE |
| Language code of text/sound track or separate title |
eng. |
| 082 ## - DEWEY DECIMAL CLASSIFICATION NUMBER |
| Edition number |
23 |
| Classification number |
712 |
| Item number |
VOG |
| 100 ## - MAIN ENTRY--PERSONAL NAME |
| Personal name |
Vogt, Gunther |
| 245 ## - TITLE STATEMENT |
| Title |
Mutation And Morphosis: Landscape As Aggregate |
| 260 ## - PUBLICATION, DISTRIBUTION, ETC. (IMPRINT) |
| Name of publisher, distributor, etc |
Lars Müller Publishers; |
| Date of publication, distribution, etc |
2020, |
| Place of publication, distribution, etc |
Switzerland |
| 300 ## - PHYSICAL DESCRIPTION |
| Extent |
651p.: |
| Dimensions |
7 x 2.3 x 9.6 inches |
| 700 ## - ADDED ENTRY--PERSONAL NAME |
| Personal name |
thomas Kissling |
| 942 ## - ADDED ENTRY ELEMENTS (KOHA) |
| Source of classification or shelving scheme |
|